000 00648nam a2200241 a 4500
001 nice12345678
003 IN_TiNIC
005 20260116012150.0
008 050524s1906 lona grp 000 0 urd
020 _a
_c100
082 0 0 _a220.591439
_bBRI
100 _aBritish And Foreign, Bible Society
245 _aInjil-E-muqaddas (naya Ahad Nama) Roman Urdu
260 _aLondon
_bBritish and Foreign Bible Society
_c1906
300 _a373p
500 _aincludes index and biblioraphy
505 2 _aMaps
650 _aBible-Urdu-Roman
700 1 _aBritish And Foreign, Bible Society
902 _bSRS
942 _cBK
999 _c5904
_d5904